01091nam a22002537a 4500003000200000005001700002008004100019040002000060100003100080110002800111245017700139260002700316300001000343500013700353501005800490504002400548600002700572650003000599650004500629650001800674942000800692999001700700952012000717020160609165645.0100724t xxu||||| |||| 00| 0 eng d aBUACbFrcENEAM aALMEIDA de, Florisse97457 aAPHEDD-BAVECbFNM97458 aGestion optimale de l'octroi du micro crédit aux plus pauvres par les partenaires stratégiques du FNM: bcas de l'APHEDD-BAVECc/ Florisse, ALMEIDA de, Romaric, MINAVOA aCotonou:bENEAM,c2009 a54 p. aMémoire de fin de formation (cycle I) : ENEAM, pour l'obtention du Diplôme de Technicien Supérieur (DTS) Gestion des Banques.  aPublié avec la version électronique du mémoire. aComprend: bibliogr. aMINAVOA, Romaric97459 aGESTION DES BANQUES97460 aGESTION OPTIMALE DES MICRO CREDITS97461 aPAUVRES97462 cTHE c47424d47424 00104070aBENEAMbBENEAMd2010-07-24l0o2009/BAN/004r2010-07-24 00:00:00t004w2010-07-24yTHEzExclu du prêt